Statistics for Batman Dark Tomorrow Heroes/Villains

Click here to take the quiz!

General Stats

  • This quiz has been taken 32 times
  • The average score is 6 of 16

Answer Stats

Answer% Correct
Batman
94%
Joker
94%
Robin
88%
Batgirl
50%
Commissioner James Gordon
38%
Killer Croc
38%
Mr Freeze
38%
Oracle
38%
Poison Ivy
38%
Ra's al Ghul
38%
Black Mask
19%
Mr Zsasz
19%
Talia al Ghul
19%
Ratcatcher
13%
Scarface & the Ventriloquist
13%
Ubu
6%

Score Distribution

Percentile by Number Answered

Percent of People with Each Score

Your Score History

You have not taken this quiz